[Event "BCF-chT3S 1314 (4NCL)"]
[Site "England"]
[Date "2014.01.11"]
[Round "3.13"]
[White "Booley, Graham"]
[Black "Boyalakuntla, Siva"]
[Result "1-0"]
[WhiteElo "1821"]
[BlackElo "1483"]
[PlyCount "75"]
[EventDate "2013.11.16"]
[EventType "team-swiss"]
[EventRounds "6"]
[EventCountry "ENG"]
[SourceTitle "EXT 2015"]
[Source "ChessBase"]
[SourceDate "2014.11.20"]
[SourceVersion "1"]
[SourceVersionDate "2014.11.20"]
[SourceQuality "1"]
[WhiteTeam "e2e4.org.uk V"]
[BlackTeam "e2e4.org.uk VI"]
[WhiteTeamCountry "ENG"]
[BlackTeamCountry "ENG"]

1. e4 c5 2. Nc3 d6 3. g3 a6 4. a4 Nd7 5. Bg2 e6 6. d3 Ngf6 7. f4 Be7 8. Nf3 h6 9. 0-0 Qb6 10. Kh1 Qc7 11. Qe2 0-0 12. Nd1 b6 13. c3 Bb7 14. Nf2 Rab8 15. Be3 b5 16. a5 Bc6 17. b4 c4 18. dxc4 bxc4 19. Nd4 e5 20. Nf5 Bd8 21. Rfd1 Ne8 22. Qxc4 exf4 23. gxf4 Bf6 24. Ng4 Rc8 25. Nxf6+ Ndxf6 26. Qxc6 Qxc6 27. Ne7+ Kh8 28. Nxc6 Ng4 29. Bh3 Rxc6 30. Bxg4 Rxc3 31. Bd4 Rc4 32. Rab1 Nf6 33. Bxf6 gxf6 34. Rxd6 Rxe4 35. Rxf6 Kg7 36. Rxa6 Rxf4 37. Rg1 Rxb4 38. Bf5+ 1-0

[Event "Leicestershire County-ch"]
[Site "Leicester"]
[Date "2013.07.18"]
[Round "4"]
[White "Booley, Graham"]
[Black "Salisbury, Michael W"]
[Result "1-0"]
[WhiteElo "1779"]
[BlackElo "2070"]
[PlyCount "99"]
[EventDate "2013.05.09"]
[EventType "swiss"]
[EventRounds "6"]
[EventCountry "ENG"]
[SourceTitle "EXT 2019"]
[Source "ChessBase"]
[SourceDate "2018.10.10"]
[SourceVersion "1"]
[SourceVersionDate "2018.10.10"]
[SourceQuality "1"]

1. e4 c6 2. d4 d5 3. exd5 cxd5 4. Nf3 Nf6 5. Bd3 g6 6. 0-0 Bg7 7. h3 0-0 8. Re1 Nc6 9. c3 e6 10. Nbd2 Qb6 11. Nf1 Bd7 12. Qe2 Rac8 13. Bg5 a6 14. Qd2 Na5 15. Ne5 Bb5 16. Bxf6 Bxf6 17. Bxb5 Qxb5 18. Nd3 Rfd8 19. Qf4 Bg7 20. Re3 b6 21. g4 Nc4 22. Rf3 Qd7 23. Nd2 Nxd2 24. Qxd2 Qe7 25. Qf4 Rd7 26. Ne5 Bxe5 27. Qxe5 b5 28. a3 Rdc7 29. Rf6 a5 30. Rc1 Rc4 31. Rf3 b4 32. axb4 axb4 33. Qe1 Qg5 34. Rd3 Qf4 35. Qe3 Qc7 36. h4 Qe7 37. Qg3 Kg7 38. g5 Qc7 39. Qf3 Qe7 40. Qg4 h6 41. gxh6+ Kxh6 42. Rg3 Qf6 43. Rf3 Rxd4 44. cxd4 Rxc1+ 45. Kg2 Qxf3+ 46. Qxf3 Rc4 47. Qf4+ Kg7 48. Qd2 Kf6 49. Qg5+ Kg7 50. h5 1-0

[Event "BCF-chT3S 1213 (4NCL)"]
[Site "England"]
[Date "2012.11.04"]
[Round "2.100"]
[White "Booley, Graham"]
[Black "Tart, Peter K"]
[Result "1/2-1/2"]
[WhiteElo "1774"]
[BlackElo "1978"]
[PlyCount "80"]
[EventDate "2012.11.03"]
[EventType "team-swiss"]
[EventRounds "6"]
[EventCountry "ENG"]
[SourceTitle "EXT 2014"]
[Source "ChessBase"]
[SourceDate "2013.11.20"]
[SourceVersion "1"]
[SourceVersionDate "2013.11.20"]
[SourceQuality "1"]
[WhiteTeam "e2e4.org.uk III"]
[BlackTeam "BCM Rhinos II"]
[WhiteTeamCountry "ENG"]
[BlackTeamCountry "ENG"]

1. e4 e5 2. Nf3 d5 3. exd5 Bd6 4. Bb5+ c6 5. dxc6 bxc6 6. Bc4 e4 7. Qe2 Nf6 8. d4 0-0 9. Ne5 Bxe5 10. dxe5 Qa5+ 11. Nc3 Qxe5 12. h3 Nbd7 13. Be3 Rb8 14. Bb3 Nc5 15. Qc4 Nxb3 16. axb3 Be6 17. Qc5 Qxc5 18. Bxc5 Rfe8 19. Ke2 Bf5 20. Ke3 Nd7 21. Bd6 Ra8 22. Ra6 Re6 23. Rd1 c5 24. Nb5 Rc8 25. Rxa7 Rg6 26. g4 Be6 27. Nc7 Nf8 28. Bxf8 Kxf8 29. Nxe6+ Rxe6 30. Rdd7 Rf6 31. h4 Re8 32. Rac7 Rf3+ 33. Ke2 Rf4 34. g5 Rf5 35. Rb7 Rf4 36. Ke3 Rf3+ 37. Ke2 Rf5 38. Rbc7 Rf4 39. Ke3 Rf3+ 40. Ke2 Rf4 1/2-1/2

[Event "High Wycombe e2e4 op 10"]
[Site "High Wycombe"]
[Date "2012.10.13"]
[Round "3"]
[White "Adebajo, Olufemi"]
[Black "Booley, Graham"]
[Result "1/2-1/2"]
[WhiteElo "1959"]
[BlackElo "1773"]
[PlyCount "56"]
[EventDate "2012.10.12"]
[EventType "swiss"]
[EventRounds "5"]
[EventCountry "ENG"]
[SourceTitle "EXT 2013"]
[Source "ChessBase"]
[SourceDate "2012.11.22"]
[SourceVersion "1"]
[SourceVersionDate "2012.11.22"]
[SourceQuality "1"]

1. e4 e5 2. Nf3 Nc6 3. Nc3 Nf6 4. g3 Bc5 5. Bg2 d6 6. 0-0 0-0 7. h3 h6 8. d3 Be6 9. Kh2 Qd7 10. Nh4 d5 11. exd5 Nxd5 12. Ne4 Be7 13. Qh5 Nf6 14. Nxf6+ Bxf6 15. Be3 Nd4 16. Rac1 Bxh4 17. gxh4 f5 18. c3 Bf7 19. Qd1 Ne6 20. d4 e4 21. d5 Qd6+ 22. Kh1 Nf4 23. c4 Nxg2 24. Kxg2 f4 25. Bd4 f3+ 26. Kh1 Qd7 27. Kh2 Qd6+ 28. Kh1 Qd7 1/2-1/2

[Event "High Wycombe e2e4 op 10"]
[Site "High Wycombe"]
[Date "2012.10.12"]
[Round "1"]
[White "Gilfillan, Andrew"]
[Black "Booley, Graham"]
[Result "0-1"]
[WhiteElo "1974"]
[BlackElo "1773"]
[PlyCount "62"]
[EventDate "2012.10.12"]
[EventType "swiss"]
[EventRounds "5"]
[EventCountry "ENG"]
[SourceTitle "EXT 2013"]
[Source "ChessBase"]
[SourceDate "2012.11.22"]
[SourceVersion "1"]
[SourceVersionDate "2012.11.22"]
[SourceQuality "1"]

1. e4 e5 2. Nf3 Nc6 3. Bc4 Bc5 4. c3 Nf6 5. d3 d6 6. b4 Bb6 7. 0-0 h6 8. a4 a6 9. Qb3 0-0 10. a5 Ba7 11. b5 axb5 12. Qxb5 Ne7 13. Ba3 c6 14. Qb2 Ng6 15. Nbd2 Re8 16. Rfe1 d5 17. exd5 cxd5 18. Bb5 Bd7 19. c4 e4 20. Nd4 Nf4 21. c5 Bxb5 22. Qxb5 Nxd3 23. Re3 Ng4 24. Rxd3 exd3 25. Qxd3 Qf6 26. N2f3 Ne5 27. Nxe5 Qxe5 28. Bb4 Bxc5 29. Bxc5 Rxa5 30. Rc1 Rxc5 31. Rxc5 Qxd4 0-1

[Event "High Wycombe e2e4 Intermediate op 03"]
[Site "High Wycombe"]
[Date "2012.03.17"]
[Round "3"]
[White "Booley, Graham"]
[Black "Nettleton, Charlie"]
[Result "0-1"]
[WhiteElo "1769"]
[BlackElo "1820"]
[PlyCount "66"]
[EventDate "2012.03.16"]
[EventType "swiss"]
[EventRounds "5"]
[EventCountry "ENG"]
[SourceTitle "EXT 2014"]
[Source "ChessBase"]
[SourceDate "2013.11.20"]
[SourceVersion "1"]
[SourceVersionDate "2013.11.20"]
[SourceQuality "1"]

1. e4 e6 2. d4 d5 3. Nc3 Bb4 4. e5 c5 5. a3 Bxc3+ 6. bxc3 Nc6 7. Qg4 g6 8. Nf3 Nge7 9. Qf4 Ng8 10. Bb5 cxd4 11. Bxc6+ bxc6 12. cxd4 Ba6 13. Bd2 h5 14. Bb4 Nh6 15. Kd2 Bc4 16. h3 Qd7 17. Rab1 a5 18. Bc5 Bb5 19. Qf6 Rg8 20. g4 Qd8 21. Qg5 Qxg5+ 22. Nxg5 Kd7 23. Nh7 Rh8 24. Nf6+ Kc8 25. gxh5 gxh5 26. Nxh5 Nf5 27. Nf6 Rh4 28. c3 Kc7 29. Rbg1 Rah8 30. Rg8 Rxg8 31. Nxg8 Rf4 32. Rh2 Nh4 33. Ke3 Re4+ 0-1

[Event "Uxbridge e2e4 Major op"]
[Site "Uxbridge"]
[Date "2011.03.20"]
[Round "5"]
[White "Booley, Graham"]
[Black "Jackson, Paul G"]
[Result "0-1"]
[WhiteElo "1790"]
[BlackElo "1874"]
[PlyCount "94"]
[EventDate "2011.03.18"]
[EventType "swiss"]
[EventRounds "5"]
[EventCountry "ENG"]
[SourceTitle "EXT 2023"]
[Source "ChessBase"]
[SourceDate "2022.10.05"]
[SourceVersion "1"]
[SourceVersionDate "2022.10.05"]
[SourceQuality "1"]

1. e4 e6 2. d4 d5 3. Nc3 dxe4 4. Nxe4 Bd7 5. Nf3 Bc6 6. Bd3 Nd7 7. 0-0 Ngf6 8. Bg5 Be7 9. Re1 Nxe4 10. Bxe7 Qxe7 11. Bxe4 Bxe4 12. Rxe4 Nf6 13. Re2 0-0 14. c3 Rfd8 15. Qc2 c5 16. Rd1 Rac8 17. dxc5 Qxc5 18. Red2 Rxd2 19. Rxd2 b5 20. Qd1 h6 21. Rd8+ Rxd8 22. Qxd8+ Kh7 23. Qd3+ g6 24. Nd4 a6 25. Qf3 Kg7 26. h3 Nd5 27. Qe4 Qd6 28. Nc2 h5 29. Qd4+ e5 30. Qd3 Qe6 31. Ne3 Nf4 32. Qe4 f5 33. Qb4 Nd3 34. Qa3 f4 35. Nc2 e4 36. Nd4 Qf6 37. Qb3 e3 38. fxe3 fxe3 39. Qc2 Qf2+ 40. Qxf2 exf2+ 41. Kf1 Kf6 42. b3 Ke5 43. Nc6+ Ke4 44. Nd4 Ke3 45. a4 bxa4 46. bxa4 Nc5 47. a5 Ne4 0-1

[Event "BCF-chT3 1011 (4NCL)"]
[Site "England"]
[Date "2011.02.20"]
[Round "6.41"]
[White "Adams, Mark"]
[Black "Booley, Graham"]
[Result "1/2-1/2"]
[WhiteElo "2040"]
[BlackElo "1790"]
[PlyCount "68"]
[EventDate "2010.11.06"]
[EventType "team-swiss"]
[EventRounds "9"]
[EventCountry "ENG"]
[SourceTitle "EXT 2012"]
[Source "ChessBase"]
[SourceDate "2011.11.24"]
[SourceVersion "1"]
[SourceVersionDate "2011.11.24"]
[SourceQuality "1"]
[WhiteTeam "The Full Ponty"]
[BlackTeam "e2e4.org.uk IV"]
[WhiteTeamCountry "ENG"]
[BlackTeamCountry "ENG"]

1. e4 e5 2. Nf3 Nc6 3. Bb5 a6 4. Ba4 Nf6 5. d3 b5 6. Bb3 Be7 7. c3 d6 8. h3 0-0 9. Nbd2 h6 10. 0-0 Re8 11. Re1 Bf8 12. Nf1 Ne7 13. Ng3 Ng6 14. a4 Be6 15. d4 c5 16. Bxe6 fxe6 17. dxe5 dxe5 18. axb5 axb5 19. Rxa8 Qxa8 20. Qb3 Qc6 21. c4 b4 22. Qc2 Rd8 23. Re2 Bd6 24. Rd2 Bc7 25. Rxd8+ Bxd8 26. Be3 Nd7 27. Qd2 Be7 28. Ne1 Nf6 29. f3 Qa6 30. b3 Qd6 31. Qxd6 Bxd6 32. Nd3 Nd7 33. Ne2 Kf7 34. g3 Ne7 1/2-1/2

[Event "BCF-chT3 0910 (4NCL)"]
[Site "England"]
[Date "2010.05.02"]
[Round "10.5"]
[White "Dixit, Kumar"]
[Black "Booley, Graham"]
[Result "0-1"]
[WhiteElo "1450"]
[BlackElo "1906"]
[PlyCount "80"]
[EventDate "2009.10.24"]
[EventType "team-tourn"]
[EventRounds "11"]
[EventCountry "ENG"]
[SourceTitle "EXT 2011"]
[Source "ChessBase"]
[SourceDate "2010.11.26"]
[SourceVersion "1"]
[SourceVersionDate "2010.11.26"]
[SourceQuality "1"]
[WhiteTeam "AMCA Cheetahs"]
[BlackTeam "e2e4.org.uk III"]
[WhiteTeamCountry "ENG"]
[BlackTeamCountry "ENG"]

1. Nf3 Nf6 2. d4 e6 3. c4 d5 4. Bg5 c6 5. Nc3 Be7 6. e3 0-0 7. Bd3 dxc4 8. Bxc4 b5 9. Bd3 Nbd7 10. Rc1 Bb7 11. Qc2 h6 12. Bf4 a6 13. 0-0 c5 14. Ne4 c4 15. Nxf6+ Nxf6 16. Be2 Nd5 17. Be5 Rc8 18. a3 Bd6 19. Bxd6 Qxd6 20. Ne5 Rc7 21. Bh5 Nf6 22. Bf3 Bxf3 23. Nxf3 Rfc8 24. h3 a5 25. Nd2 Nd5 26. Ne4 Qe7 27. Nc5 Qd6 28. Ne4 Qb6 29. Nc5 e5 30. Qf5 exd4 31. exd4 Ne7 32. Qg4 Qd6 33. Rfd1 Rd8 34. Rc3 Rxc5 35. dxc5 Qxd1+ 36. Qxd1 Rxd1+ 37. Kh2 Rd5 38. Re3 Kf8 39. f4 Rxc5 40. Kg3 Nf5+ 0-1

[Event "BCF-chT3 0910 (4NCL)"]
[Site "England"]
[Date "2010.03.28"]
[Round "8.3"]
[White "Bridges, Paul"]
[Black "Booley, Graham"]
[Result "1/2-1/2"]
[WhiteElo "1883"]
[BlackElo "1906"]
[PlyCount "30"]
[EventDate "2009.10.24"]
[EventType "team-tourn"]
[EventRounds "11"]
[EventCountry "ENG"]
[SourceTitle "EXT 2011"]
[Source "ChessBase"]
[SourceDate "2010.11.26"]
[SourceVersion "1"]
[SourceVersionDate "2010.11.26"]
[SourceQuality "1"]
[WhiteTeam "Beauty and the Beasts"]
[BlackTeam "e2e4.org.uk III"]
[WhiteTeamCountry "ENG"]
[BlackTeamCountry "ENG"]

1. e4 e5 2. Nf3 Nc6 3. Bc4 Nf6 4. d3 Bc5 5. 0-0 h6 6. Nc3 d6 7. Na4 Bb6 8. Nxb6 axb6 9. a3 0-0 10. Be3 Be6 11. Nd2 d5 12. exd5 Bxd5 13. f4 Bxc4 14. Nxc4 Nd5 15. Qd2 Nxe3 1/2-1/2

[Event "Uxbridge op Major"]
[Site "Uxbridge"]
[Date "2010.03.21"]
[Round "4"]
[White "Jackson, Paul G"]
[Black "Booley, Graham"]
[Result "1/2-1/2"]
[WhiteElo "1861"]
[BlackElo "1906"]
[PlyCount "56"]
[EventDate "2010.03.19"]
[EventType "swiss"]
[EventRounds "5"]
[EventCountry "ENG"]
[SourceTitle "EXT 2012"]
[Source "ChessBase"]
[SourceDate "2011.11.24"]
[SourceVersion "1"]
[SourceVersionDate "2011.11.24"]
[SourceQuality "1"]

1. d4 d5 2. c4 e6 3. Nc3 c5 4. cxd5 exd5 5. Nf3 Nc6 6. g3 Nf6 7. Bg2 Be7 8. 0-0 0-0 9. Bg5 cxd4 10. Nxd4 h6 11. Be3 Re8 12. Qa4 Bd7 13. Rfd1 Bc5 14. Qc2 Ng4 15. Nxd5 Nxe3 16. fxe3 b6 17. Nb3 Bf8 18. Rd2 Rc8 19. Qd1 Qg5 20. e4 Be6 21. Rc1 Ne5 22. Rdc2 Rxc2 23. Rxc2 Bxd5 24. exd5 Qe3+ 25. Kh1 Ng4 26. Qd4 Nf2+ 27. Kg1 Nd1+ 28. Qxe3 Nxe3 1/2-1/2

[Event "BCF-chT3 0910 (4NCL)"]
[Site "England"]
[Date "2010.02.20"]
[Round "6.1"]
[White "Booley, Graham"]
[Black "Balendran, Baven"]
[Result "1-0"]
[WhiteElo "1906"]
[BlackElo "1858"]
[PlyCount "89"]
[EventDate "2009.10.24"]
[EventType "team-tourn"]
[EventRounds "11"]
[EventCountry "ENG"]
[SourceTitle "EXT 2011"]
[Source "ChessBase"]
[SourceDate "2010.11.26"]
[SourceVersion "1"]
[SourceVersionDate "2010.11.26"]
[SourceQuality "1"]
[WhiteTeam "e2e4.org.uk III"]
[BlackTeam "KJCA Knights"]
[WhiteTeamCountry "ENG"]
[BlackTeamCountry "ENG"]

1. e4 e5 2. Nf3 Nc6 3. Bb5 a6 4. Ba4 Nf6 5. 0-0 Be7 6. Qe2 b5 7. Bb3 d6 8. c3 Bg4 9. d3 Na5 10. Bc2 c5 11. Rd1 Nc6 12. Nbd2 h6 13. Nf1 Nh7 14. Ne3 Bh5 15. Nf5 Bf6 16. Ng3 Bg4 17. h3 Be6 18. Bb3 Qe7 19. Nf5 Qd7 20. d4 cxd4 21. cxd4 Bxf5 22. exf5 Qe7 23. Bd5 Rc8 24. Bxc6+ Rxc6 25. Re1 0-0 26. dxe5 Re8 27. Nd4 Qc7 28. Nxc6 Qxc6 29. Qg4 Bg5 30. Bxg5 Nxg5 31. h4 Nh7 32. Rac1 Qd7 33. Rcd1 Qc6 34. Rxd6 Qc5 35. f6 g6 36. Qf4 h5 37. Qh6 Nxf6 38. Rxf6 Rxe5 39. Rxg6+ fxg6 40. Qxg6+ Kf8 41. Qf6+ Kg8 42. Rxe5 Qc1+ 43. Kh2 Qc8 44. Rg5+ Kh7 45. Qg7# 1-0